Africa socialista
Uloženo v:
| Hlavní autoři: | , |
|---|---|
| Médium: | Kniha |
| Jazyk: | španělština |
| Vydáno: |
Ciudad de México
Fondo de Cultura Económica
1967
|
| Edice: | Colección Popular, 84
|
| Témata: | |
| Tagy: |
Přidat tag
Žádné tagy, Buďte první, kdo vytvoří štítek k tomuto záznamu!
|
MARC
| LEADER | 00000nam a2200000 a 4500 | ||
|---|---|---|---|
| 001 | UCP6657 | ||
| 003 | CL-VaPUC | ||
| 008 | 991112e19670000MX |||||||||||||||||spa|d | ||
| 082 | 0 | 4 | |a 320.531 |b FRI |2 21 |
| 100 | 0 | |a Friedland, W. H |e author |9 435856 | |
| 700 | 0 | |a Rosberg, C. G |e author |9 435857 | |
| 245 | 1 | 0 | |a Africa socialista |
| 300 | |a 447 p | ||
| 942 | |c BK | ||
| 945 | |d 19991112 00:00:00 |a crobeson | ||
| 260 | |a Ciudad de México |b Fondo de Cultura Económica |c 1967 | ||
| 650 | 0 | |a Socialismo |9 255260 | |
| 650 | 0 | |a Ideologías políticas |9 255735 | |
| 650 | 0 | |a Economía política |9 255814 | |
| 650 | 0 | |a Condiciones sociales |9 257278 | |
| 651 | 0 | |a África |9 256790 | |
| 651 | 7 | |a GHANA |2 CL-VaPUC |9 316855 | |
| 651 | 7 | |a GUINEA |2 CL-VaPUC |9 325018 | |
| 651 | 7 | |a SENEGAL |2 CL-VaPUC |9 356080 | |
| 651 | 7 | |a MALI |2 CL-VaPUC |9 335616 | |
| 651 | 7 | |a TANGAÑICA |2 CL-VaPUC |9 435858 | |
| 583 | |a last modification |c 19991112 00:00:00 |k Rodrigo Vera | ||
| 490 | 0 | |a Colección Popular, 84 | |
| 999 | |c 284128 |d 284126 | ||
| 952 | |0 0 |1 0 |4 0 |6 320_531000000000000_FRI_1967 |7 0 |8 A |9 327896 |a BIBHIS |b BIBHIS |d 2019-11-20 |i 137110K |o 320.531 FRI 1967 |p 137110K |r 2025-01-20 |w 2019-11-20 |y BK |k HIS | ||